| 000 | 00469cam a2200193ua 4500 | ||
|---|---|---|---|
| 001 | 8861 | ||
| 005 | 20260515114406.0 | ||
| 008 | 150216n ii |||gr||||Z||||||eng | ||
| 040 | _cMAIN | ||
| 041 | _aeng | ||
| 082 | _a809 | ||
| 100 |
_aDas, B., _eEditor. |
||
| 245 | 1 |
_aLiterary criticism : _bReading / _cEdited by B. Das . |
|
| 250 | _a1st. | ||
| 260 |
_aCalcutta: _bOxford, _c1985. |
||
| 300 | _a502p. | ||
| 653 | _aHistory, description & criticism | ||
| 942 | _cBK | ||
| 999 |
_c7949 _d7949 |
||